[Event "Gashimov Memorial-A 1st"]
[Site "Shamkir"]
[Date "2014.04.23"]
[Round "4"]
[White "Caruana, Fabiano"]
[Black "Carlsen, Magnus"]
[Result "1-0"]
[WhiteElo "2783"]
[BlackElo "2881"]
[Annotator "Caruana,Fabiano"]
[PlyCount "105"]
[EventDate "2014.04.20"]
[EventType "tourn"]
[EventRounds "10"]
[EventCountry "AZE"]
[EventCategory "22"]
[SourceTitle "CBM 160"]
[Source "ChessBase"]
[SourceDate "2014.05.15"]
[SourceVersion "1"]
[SourceVersionDate "2014.05.15"]
[SourceQuality "1"]

1. e4 {ChessBase Website Wedberg,Tom ChessBase II} e5 2. Nf3 Nc6 3. Bb5 Nf6 4. O-O Nxe4 5. d4 Nd6 6. Bxc6 dxc6 7. dxe5 Nf5 8. Qxd8+ Kxd8 9. h3 h6 {In the match, Magnus played 9...d7. Perhaps he feared preparation and was hoping to surprise me, but he made an unfortunate choice, going for a line I knew well, as I had faced it last year against Ponomariov.} (9... Bd7 10. Rd1 Be7 11. Nc3 {It's interesting that exactly 1 day before Anand and Carlsen's game, Grischuk played the same variation against me during the European Team Championship. I played 11.g4 and the game was eventually drawn.} Kc8 12. Bg5 h6 13. Bxe7 Nxe7 14. Rd2 c5 15. Rad1 Be6 16. Ne1 Ng6 17. Nd3 b6 18. Ne2 {, and now Magnus grabbed a pawn with} Bxa2 $1 {Anand-Carlsen, Chennai 2013; , held onto it and nearly won the game.}) 10. Rd1+ {Now Black's king is forced to e8, which generally speaking is an awkward square.} Ke8 11. Nc3 Bd7 ({RR} 11... a5 12. Bf4 ({RR} 12. g4 Ne7 13. Kg2 Ng6 ({RR} 13... h5 14. Kg3 Ng6 15. Bg5 Be6 16. Re1 Be7) 14. Kg3 Be7 15. Re1 Be6 16. Nd4 Rd8 17. Nxe6 ({RR} 17. Nf5 Bxf5 18. gxf5 Bh4+ 19. Kf3 Ne7) 17... fxe6) ({RR} 12. Ne2 Bc5 13. g4 Ne7 14. Nf4 Be6 15. Nh5 Rg8 16. Nd4 Nd5 17. Nxe6 fxe6 18. c4 Nb6 19. b3 a4) 12... Be6 13. g4 Ne7 14. Nd4 Nd5 15. Nce2 Bc5 ({RR} 15... h5 16. Nxe6 fxe6 17. c4 Nb6 18. b3 hxg4 19. hxg4 a4 20. Kg2) 16. Nxe6 fxe6 17. c4 Nb6 18. b3 a4 19. Bd2 Kf7 20. Bc3 Rhd8 21. Rxd8 Rxd8 22. Kg2 Rd3 23. Rc1 ({RR} 23. f4 g6) 23... g5 24. Rc2 axb3 25. axb3 Nd7 26. Ra2 {Kasparov,G (2849)-Kramnik,V (2770) London 2000 CBM 080 [Wedberg,Tom] ½-½ (33)}) ({RR} 11... a6 12. Bf4 Bd7 13. Rd3 Ne7 14. Rad1 Be6 15. Nd4 Bc4 16. R3d2 c5 17. Nb3 b6 18. e6 fxe6 19. Bxc7 Nd5 20. Nxd5 Bxd5 21. Bxb6 c4 22. Nc1 c3 23. bxc3 Rc8 24. Ba5 Be7 25. Nb3 Bf6 26. Bb4) 12. Bf4 ({RR} 12. b3 Rd8 13. Bb2 h5 14. g3 Be7 15. Kg2 Be6 16. Ne2 g5 17. c4 c5 18. Rxd8+ Bxd8 19. Rd1 Rg8 20. Nh2 Bd7 21. Nc3 Bc6+ 22. Nd5 Kd7 23. g4 hxg4 24. Nxg4 Kc8 25. Kf3 Rh8 26. Kg2 Nh4+) ({RR} 12. b3 Bb4 13. Ne2 a5 14. Bb2 h5 15. Nf4 Rh6 16. g3 Be7 17. h4 a4 18. c4 c5 19. Nd5 Bd8 20. Bc3 Rha6 21. b4 cxb4 22. Bxb4 Rc6 23. c5 a3 24. Rd3 Rca6 25. Nf4 Bb5 26. Rc3 g6 {Campos Jimenez,A (2296)-Parra Cabrera,E (2225) Santiago de Cuba 2018 1-0 (49)}) 12... Rd8 13. Ne4 $146 {This is the new move. In the aforementioned game against Ponomariov, I played 13.e6 and didn't pose serious problems to my opponent.} (13. e6 Bxe6 14. Bxc7 Rxd1+ ({RR} 14... Rd7 15. Rxd7 Kxd7 16. Bh2 Bd6 17. Rd1 Ke7 18. Bxd6+ Nxd6 19. Nd4 Bd7) 15. Rxd1 Be7 16. g4 Nh4 17. Nd4 Bd7 18. Re1 Kf8 19. Bg3 g5 20. Bxh4 gxh4 21. Ne4 Kg7 {, although perhaps if I had played more accurately here I could have counted on a minuscule advantage.}) ({RR} 13. a3 Bc8 14. Rxd8+ ({RR} 14. g4) 14... Kxd8 15. Rd1+ Ke8 16. Ne4 h5 17. Bg5 Be7 18. g3 Be6 19. Nc3 f6 20. Bf4 Bd8 21. exf6 ({RR} 21. Re1) 21... gxf6 22. Kh2 Kf7 23. Nd4 Bc8 ({RR} 23... Nxd4) 24. Nxf5 Bxf5 25. Rd2 a5 ({RR} 25... Re8) 26. Kg2 Ke8 27. Nd1 Rh7 {Van Kampen,R (2456)-Balogh,C (2601) Aix les Bains 2011 CBM 142 Extra [ChessBase II] ½-½ (42)}) ({RR} 13. g4) ({RR} 13. e6 Bxe6 14. Bxc7 Rxd1+ 15. Rxd1 Be7 16. g4 Nh4 17. Nd4 Bd7 18. Re1 Kf8 19. Bg3 g5 20. Bxh4 gxh4 21. Ne4 Kg7 22. Kg2 Rd8 23. c3 h5 24. f3 Bc8 25. Nf5+ Bxf5 26. gxf5 Rd5 27. c4 Rxf5 {Caruana,F (2779)-Ponomariov,R (2756) Elancourt 2013 CBM 157 [ChessBase Website] ½-½ (46)}) ({RR} 13. e6 Bxe6 14. Bxc7 Rd7 15. Rxd7 Kxd7 16. Bh2 Bd6 17. Rd1 Ke7 18. Bxd6+ Nxd6 19. Nd4 Bd7 {½-½ (19) Hanemann,I (2188)-Huisl,W (2284) Germany 2009}) 13... Be7 {I was happy to see this move. After the trade of knights White's position is very comfortable.} (13... c5 $5 {seems like the most critical move. I was planning} 14. e6 Bxe6 15. Bxc7 Rc8 16. Bh2 {, with a small advantage, but Black should be able to defend with accuracy.}) 14. g4 Nh4 15. Nxh4 Bxh4 16. Kg2 Be6 17. f3 b6 18. b3 c5 $6 {A strategic mistake. After the game, Magnus said he wanted to use the d4-square but underestimated the importance of the d5-square.} ({I was expecting} 18... Rd7 19. c4 Kd8 {If Black is given time to play ...c8 and ...d8 he will have a fine position. White has to act fast:} 20. Bg3 Be7 21. f4 g6 22. Rf1 $1 {, and the threat of f5 is very unpleasant.}) 19. c4 ({Perhaps} 19. Bg3 Be7 20. c4 {was more accurate.}) 19... Rd7 (19... Rd4 20. Be3 Rxd1 21. Rxd1 {doesn't solve Black's problems.}) 20. Bg3 Be7 21. Rxd7 Bxd7 {Understandably, Magnus wanted his bishop out of the way of f4-f5.} ({However,} 21... Kxd7 {was a stronger alternative.} 22. f4 g6 23. Rf1 Kc8 24. f5 gxf5 25. gxf5 Bd7 {and it isn't easy to prove a clear advantage for White.}) 22. Nc3 Kd8 $6 ({It made sense to set up a passive but solid defensive formation.} 22... Bd8 23. Nd5 Bc8 {, and just sit and wait, unpleasant though it may be.}) 23. Nd5 Re8 {Magnus played this and the next move surprisingly quickly. He was probably already disgusted with his position.} ({After} 23... c6 {, White should simplify into an opposite colored bishop ending:} 24. Nxe7 Kxe7 25. f4 {, with good winning chances.}) 24. Rd1 Kc8 $4 {Just losing a pawn for nothing. It's hard to say what Magnus overlooked.} (24... c6 25. Nxe7 (25. Nc7 Rg8 26. e6 fxe6 27. Nxe6+ Kc8) 25... Rxe7 26. Bh4 g5 27. Bg3 {is awful for Black, but there was already no choice.}) 25. Nxc7 Rd8 26. Nd5 {Besides being up a pawn, White also has a commanding position.} Re8 27. Be1 Bd8 28. Bc3 g6 29. Kg3 ({I would prefer} 29. a4 $1 {, snuffing out any hopes of counterplay.}) 29... b5 30. cxb5 Bxb5 31. Ne3 Re6 32. f4 Ra6 {Black is trying to create counterplay any way he can, but White is too solid.} 33. Rd2 h5 34. gxh5 gxh5 35. Nf5 Rg6+ 36. Kh2 Bc6 37. Nd6+ Kb8 38. f5 Rg8 39. f6 $1 {An important move, blocking the bishop's access to h4.} Bb6 40. Nc4 $2 {With 2 minutes on my clock for the last move, I got spooked by Black's counterplay with ...c4 and committed a serious inaccuracy.} (40. Nxf7 $1 c4 41. h4 $1 {is the game.}) 40... Re8 $2 {Giving me a second chance! I calculated a bit and decided to take the pawn.} (40... Bc7 41. Ba5 {is probably winning for White, but he could have put up serious resistance.}) 41. Nd6 Rg8 42. Nxf7 $1 {A pawn is a pawn, after all.} c4 43. h4 Rg4 44. e6 {This is what I hadn't seen before the time control. The bishop will protect everything from e5.} Be3 45. Be5+ Ka8 46. Rd8+ Kb7 47. Bg3 c3 48. Rb8+ Ka6 49. Rc8 Bd5 ({During the game I spent some time figuring out what happens after} 49... Rc4 50. bxc4 c2 51. Rxc6+ Ka5 52. Bc7+ Ka4 53. Ra6+ Kb4 54. Bd6+ Kc3 55. Ba3 {Good calculation, but unfortunately I missed a mate in two with 52.e1!}) 50. Rxc3 Bd4 51. Rd3 Re4 52. Rd2 Rxe6 53. Ng5 1-0

[Event "Olympiad-41"]
[Site "Tromsoe"]
[Date "2014.08.04"]
[Round "3.1"]
[White "Carlsen, Magnus"]
[Black "Djukic, Nikola"]
[Result "1-0"]
[WhiteElo "2877"]
[BlackElo "2521"]
[PlyCount "89"]
[EventDate "2014.08.02"]
[EventType "team-swiss"]
[EventRounds "11"]
[EventCountry "NOR"]
[SourceTitle "CBM 162"]
[Source "ChessBase"]
[SourceDate "2014.09.17"]
[SourceVersion "1"]
[SourceVersionDate "2014.09.17"]
[SourceQuality "1"]
[WhiteTeam "Norway"]
[BlackTeam "Montenegro"]
[WhiteTeamCountry "NOR"]
[BlackTeamCountry "MNE"]

1. e4 d5 2. exd5 Qxd5 3. Nc3 Qd8 4. d4 Nf6 5. Nf3 Bg4 6. h3 Bxf3 7. Qxf3 c6 8. Qd3 e6 9. g3 Nbd7 10. Bg2 Bd6 11. O-O O-O 12. a3 $146 ({RR} 12. b3 Re8 13. Bb2 Qc7 14. Rad1 Rad8 15. Rfe1 a6 16. Qf3 Qa5 17. a3 Qc7 18. Nb1 e5 19. dxe5 Bxe5 20. Nc3 Nc5 21. b4 Nce4 22. Rxd8 Qxd8 23. Nxe4 Bxb2 24. Rd1 Qe7 25. Nd6 Rd8 26. Nxb7 Rd5 {Kulaots,K (2556)-Pohjala,H (2382) Tallinn 2016 1-0 (42)}) ({RR} 12. Re1 Re8 13. Ne4 Nxe4 14. Qxe4 Nf6 15. Qe2 Bc7 16. c3 a6 17. Bd2 Bb6 18. Rad1 Qc7 19. Bg5 Nd5 20. c4 Ne7 21. Bf4 Qc8 22. h4 Ng6 23. Be3 h6 24. h5 Ne7 25. Be4 Ba5 26. Rf1 b5 {Buchenau,F (2205)-Schuster,K (2266) chess.com INT 2025 1-0 (38)}) 12... Qc7 13. Rd1 Rad8 14. b3 Rfe8 15. Bb2 a6 16. Ne2 e5 17. c4 exd4 18. Nxd4 Be5 19. Qc2 c5 20. Nf3 Bxb2 21. Qxb2 Nf8 22. Nh4 Ng6 23. Nf5 Ne7 24. Ne3 b6 25. b4 Nc6 26. Rxd8 Rxd8 27. Rb1 cxb4 28. axb4 Ne5 29. Qc3 Rd3 30. Qa1 h5 31. Qxa6 h4 32. g4 Rd2 33. c5 bxc5 34. b5 Ned7 35. b6 Qf4 36. Qa8+ Kh7 37. Qf3 Qxf3 38. Bxf3 Rd4 39. b7 Rb4 40. Rd1 Ne5 41. Bg2 Nfd7 42. Nc2 Rf4 43. Rd5 f6 44. Rxc5 Nb8 45. Rc8 1-0

[Event "Olympiad-41"]
[Site "Tromsoe"]
[Date "2014.08.05"]
[Round "4.1"]
[White "Carlsen, Magnus"]
[Black "Wojtaszek, Radoslaw"]
[Result "1-0"]
[WhiteElo "2877"]
[BlackElo "2735"]
[Annotator "Marin,Mihail"]
[PlyCount "65"]
[EventDate "2014.08.02"]
[EventType "team-swiss"]
[EventRounds "11"]
[EventCountry "NOR"]
[SourceTitle "CBM 162"]
[Source "ChessBase"]
[SourceDate "2014.09.17"]
[SourceVersion "1"]
[SourceVersionDate "2014.09.17"]
[SourceQuality "1"]
[WhiteTeam "Norway"]
[BlackTeam "Poland"]
[WhiteTeamCountry "NOR"]
[BlackTeamCountry "POL"]

1. e4 {For a moment, this move made me curious: will we see a fierce theoretical dispute in the Najdorf?!} c5 2. Nc3 {Not really! Just some complex positional struggle with mobile pawn chains and all pieces on the board. In the '60s, the Closed Sicilian used to be a deadly weapon in Spassky's hands. Players like Geller and Larsen (the latter also with reversed colours, 1.c4 e5) were crushed during Spassky's campaigns for the world title.} d6 ({The man who did find an antidote to Spassky's treatment of the Sicilian was Viktor Korchnoi. During their 1968 Candidates final he twice answered} 2... e6 {followed by ...d7-d5. Black had some light pressure in both games but they ended in draws. In order to win the match, Spassky found no other solution than... winning with Black and switching to 1. d4 when playing with White. It remains an open question what would Carlsen do against 2...e6. True, he twice faced this move, but this happened in 2002 when he was rated 2171...}) 3. g3 Nc6 4. Bg2 g6 5. d3 Bg7 6. Be3 ({Spassky almost always played} 6. f4 {The aforementioned games went} e5 7. Nh3 exf4 (7... Nge7 8. O-O Nd4 9. f5 gxf5 10. Qh5 $44 h6 11. Rf2 Be6 12. Be3 Qd7 13. Raf1 O-O-O 14. Nd5 fxe4 15. Nxe7+ Qxe7 16. Bxd4 cxd4 17. Rxf7 Qe8 18. Bxe4 Rf8 19. Bf5 Qxf7 20. Qxf7 Rxf7 21. Bxe6+ Rfd7 22. Rf7 Kc7 23. Bxd7 Rxd7 24. Rxd7+ Kxd7 25. Kg2 {The complications petered out in an ending which is more pleasant for White. Hort did not defend the best way and lost in Spassky,B (2630)-Hort,V (2620) Bugojno 1978 MCL [Bulletin] (1-0, 41)}) 8. Bxf4 Nge7 9. O-O h6 10. Rb1 O-O 11. a3 Be6 12. Be3 Ne5 13. Nf4 Bd7 14. Kh1 Rc8 15. Qd2 Kh7 16. h3 {It is interesting to compare Spassky's regrouping starting from this moment with Carlsen's.} Bc6 17. g4 Qd7 18. Rf2 b6 19. Rbf1 Bb7 20. Qe2 Rce8 21. Bc1 Kg8 22. Qe3 b5 23. Qg3 b4 24. axb4 cxb4 25. Nd1 {[%cal Gd1e3] Black's play surely was more harmonious than Wojtaszek's, but this did not prevent White from including practically all his pieces in the inevitable attack. In principle, the position is unclear yet, but White's attacking potential eventually prevailed in Spassky,B (2610)-Portisch,L (2625) Geneve 1977 (1-0, 40)}) 6... e5 {Black adopts Botvinnik's English triangle with reversed colours, a system I had recommended in my English Opening books. I have to add a small correction: the system is good unless you are facing Carlsen. But does this not apply for any other opening?!} 7. Nh3 {This way of developing the knight was also one of Spassky's favourites. I must confess that when following Carlsen's play I have every time the temptation to compare him with another World Champion from the past: now Fischer, later Lasker, but today we surely have Boris Vassilievich in the background. On more concrete terms, what could be the great idea behind the last move? Shouldn't the knight (after f2-f4) go to f3, controlling the important central d4- and e5-squares? Actually, it would be of little use to put pressure on such well defended squares, so it is a good idea to be heading for the only weakness in Black's setup, the d5-square. After the planned f2-f4, the prospect of a knight jump to f4-d5 somwehat restricts Black's options.} ({The vast majority of the games continue with} 7. Qd2 {for instance} Nge7 8. f4 Nd4 9. Nf3 O-O 10. O-O exf4 11. Bxf4 Nxf3+ 12. Rxf3 Qb6 {Adams,M (2708)-Kramnik,V (2760) Las Vegas 1999 CBM 072 [Donev] (½-½, 78)}) 7... Nge7 8. f4 Nd4 {Since the knight will be forced to retreat after only four moves, this looks like a mere loss of time.} ({But Black must have feared that after the natural} 8... O-O {White would carry out the thematic attack} 9. f5 gxf5 10. Qh5 Nd4 11. O-O-O {(which, under slightly difficult circumstances occurred in one of Spassky's games, above!) Black is under no immediate threats, but the weakness of the light squares and of his king's position may accumulate into a promising positional white attack.}) 9. O-O O-O 10. Qd2 Bd7 {This move may be all right, but instinctively I would feel that it does not keep Black's harmony.} (10... Rb8 {getting ready for either ...6 and ...b7 or ...5-b4, looks more flexible.} 11. Rf2 f6 $1 {A typical method of restricting White's kingside activity. It occurs in the English triangle quite often, too (in its mirrored version f2-f3, of course).} 12. Raf1 (12. fxe5 dxe5 $15 {[%cal Gc8e6]} 13. Nd5 Nxd5 14. exd5 Bxh3 15. Bxh3 Qxd5) 12... Be6 13. Nd5 (13. Kh1 Qd7 14. Ng1 b5 {Lutovac,M (2200)-Ciocaltea,V (2465) Bar 1977 (0-1, 65)}) 13... Bxd5 14. exd5 Nef5 15. g4 Nxe3 (15... Nh6 $1) 16. Qxe3 {Shaw,J (2280)-Sher,M (2510) Hastings 1995 (0-1, 52)} f5 $15) ({The immediate} 10... f6 $5 {is also interesting, but has never been tested between strong players.}) ({RR} 10... Bg4 11. Ng5 f6 12. Nf3 Qd7 13. Rf2 b5 14. Raf1 Rac8 15. Nd1 exf4 16. Bxf4 d5 17. Nxd4 cxd4 18. Bh6 dxe4 19. dxe4 Nc6 20. Bxg7 Kxg7 21. c3 Rcd8 22. cxd4 Bxd1 23. e5 fxe5 24. d5 Bg4 25. Rxf8 {Bachmann,A (2629)-Gukesh,D (2520) Douglas 2019 0-1 (39)}) ({RR} 10... f6 11. Nd1 Be6 12. c3 Ndc6 13. fxe5 Nxe5 14. Ndf2 g5 15. b3 Qd7 16. d4 cxd4 17. cxd4 Ng4 18. Nxg4 Bxg4 19. Nf2 Be6 20. Kh1 d5 21. Nd3 b6 22. e5 h6 23. exf6 Bxf6 24. Rae1 Nf5 25. Bg1 {Olcum,A (2229)-Kostiukov,A (2271) chess.com INT 2025 0-1 (64)}) 11. Nd1 $5 {A multi-purpose move. White prepares to expell the d4-knight and to consolidate his h3-knight at the same time.} Qc8 $6 $146 {Another disharmonious move.} (11... exf4 $6 12. Nxf4 Ne6 13. c3 Nxf4 14. Bxf4 Be6 15. Bh6 (15. d4 $5) 15... d5 16. Bxg7 Kxg7 17. Qf4 Rc8 18. Ne3 $36 {Jurkovic,H (2270)-Hulak,K (2530) Pula 1994 (½-½, 44)}) (11... b6 $5 $146 {(See also my next comment)} 12. c3 Ndc6 13. Ndf2 Qc7 14. Rae1 Rad8) 12. Ndf2 Ndc6 $146 ({RR} 12... Rb8 13. c3 Ndc6 14. Ng5 b6 15. Rac1 f6 16. Nf3 Be6 17. b3 d5 18. fxe5 fxe5 19. Bh6 d4 20. cxd4 Nxd4 21. Nxd4 exd4 22. Bf4 Rb7 23. Bd6 Qc6 24. e5 Bd5 25. Ne4 Rxf1+ 26. Rxf1 Nf5 27. Qg5 {Schelle,A (2190)-Richter,G (2055) Bayerisch Eisenstein 2017 1-0}) 13. c3 b5 $2 ({One rule I knew as a kid is that if there is some tension in the centre Black should consolidate his c5-pawn with} 13... b6 {In this concrete position, the idea would be meeting} 14. fxe5 {with} dxe5 {, preventing the radical activation of the h3-knight.}) 14. fxe5 $1 Nxe5 15. Bh6 $14 {The most precise move order. Such a positive move as h3-f4 should not obstruct the bishop. Besides, exchanging the g7-bishop will weaken the kingside and turn Black's queenside counter-attack into something similar to an infantry assault without the support of the artilery.} N7c6 16. Bxg7 Kxg7 17. Nf4 Qd8 {After the bishop exchange, it looks natural to return with the queen to the dark squares, for both defensive and offensive purposes. But I cannot help comparing the two rival Majesties, suggesting an advantage for the white queen. From d2, it also controls dark squares on both wings, but it does not prevent the connection of the rooks! Ironically, Black will manage to connect rooks only on move 29, but that will be just a speeding up of the defeat!} 18. Rad1 Rc8 19. Qe2 {Controlling the g4-square and taking the queen out of the e5-knight's range (d3-d4, ...c4) in order to prepare the central expansion.} h5 $6 {The final phase of the game induces the thought that Black should have abstained from this weakening of the kingside. But the sad thing is that Black has no active plan available and has to live with the positional threat of d3-d4.} 20. d4 cxd4 21. cxd4 Ng4 22. h3 Nxf2 23. Qxf2 {White's progress over the past moves is obvious, while for Black it remains difficult to formulate a coherent plan.} Ne7 {Black's worries regarding the d5-square are justified, but the knight stands awfully on e7.} 24. Rd3 $1 {With the centre firmly in White's hands, such rook lifts tend to be rather annoying. But, ironically, this move would not have been possible had Black not occupied the b5-square with the pawn!} b4 {The threat ...b5 arrives too late. Things will start happening on the kingside.} 25. Rf3 Qe8 $2 {Black surely did not know what to do with his queen in this game. It looks as if the strongest piece is searching on purpose for the most passive squares.} ({Black spent a tempo on over-defending f7, since} 25... Bb5 $2 {would allow the decisive blow} 26. Nxh5+ $1) ({A safer way to parry the sacrifice on h5 was} 25... Kg8 26. g4 $1 {This is slightly less strong than in the game, but quite annoying anyway.} (26. d5 Bb5 27. Re1 Qc7 $14 {[%csl Re7]}) (26. Nxh5 $6 gxh5 27. Rxf7 Ng6 28. e5 Qg5 $132) 26... hxg4 27. hxg4 Bxg4 28. Rg3 Qd7 29. d5 a5 30. Qd4 {[%cal Gg2h3,Gg4h3,Rg3h3,Rh3h8]} f6 {[%csl Ge6]} 31. Bh3 Bxh3 32. Nxh3 Rf7 33. Nf4 $16) 26. g4 {With the black pawn on h7, this would have just been a way to increase the positional domination by blocking the enemy structure with g4-g5. But the way it is, the open file will be opened, with fatal consequences for Black.} ({White's positon was so good already that there was another, much simpler, win:} 26. d5 {[%csl Ga7,Gg7][%cal Gf2d4,Gd4b4]} a5 27. Qd4+ Kg8 (27... f6 28. Ne6+ Bxe6 29. Rxf6 $18) 28. Qf6 {[%cal Gf6d6] Black's lack of coordination is pathetic.}) 26... hxg4 27. hxg4 Bb5 (27... Bxg4 {would just open another file for White's attack:} 28. Rg3 Qd7 29. Bh3 $1 {Attacking the main defender of the g-file.} f5 (29... Bxh3 30. Nh5+ {is curtains.}) 30. d5 {with such threats as d4+ and e6+.}) 28. Re1 Qd8 {This queen surely has moved a lot. And it did it with short steps, as if it was the least mobile piece on board, the king.} 29. g5 Qb6 $6 {The first relatively long queen move loses by force, but it is hard to give an advice for Black. Apart from the game manoeuvre he threatens h3 with combined threats along the h-file and on f6. White would win with simple moves even if Black had restricted himself to a status quo policy.} (29... a5 30. d5 {[%csl Ra7][%cal Gf2d4,Gf3h3,Rd8b6]} Rh8 31. Bh3 $18 {[%cal Gh3c8]} Rc7 32. Ne6+ fxe6 33. Rf7+ Kg8 34. Rg7+ Kxg7 35. Qf6+ Kg8 36. Bxe6+ Kh7 37. Qf7#) (29... Bd7 30. Rf1 {[%csl Gf7]}) (29... Rb8 30. Rh3 a5 31. Rh6 a4 (31... Rh8 32. Ne6+ $1) 32. Nh5+ gxh5 33. Qf6+ Kg8 34. Qh8#) 30. Bh3 Rcd8 31. Be6 {Quite a nasty visit!} Be8 32. Nd5 (32. Rh3 {with the threat h5+ followed by f6+ and xh5 is more spectacular. Had Black retreated his rook to b8 rather than d8, this might have been Carlsen's choice. But with the d8-square unavailable to the black queen, his solution is simple and effective.}) 32... Nxd5 33. Bxd5 {Black resigned... in what looks a "normal" position. It would be so with the h-file closed. Under the given circumstances, the threat h3 followed by f6+ is decisive.} 1-0